Normal view
MARC view
- مقاصد الشريعة- اصول الفقه الاسلامي
Entry Topical Term
001 - CONTROL NUMBER
- control field: 14995
003 - CONTROL NUMBER IDENTIFIER
- control field: JO-AjAnu
005 - DATE AND TIME OF LATEST TRANSACTION
- control field: 20230606072707.0
008 - FIXED-LENGTH DATA ELEMENTS
- fixed length control field: 230606|| aca||aabn | a|a d
040 ## - CATALOGING SOURCE
- Original cataloging agency: JO-AjAnu
- Transcribing agency: JO-AjAnu
150 ## - HEADING--TOPICAL TERM
- Topical term or geographic name entry element: مقاصد الشريعة- اصول الفقه الاسلامي
670 ## - SOURCE DATA FOUND
- Source citation: Work cat.: (JO-AjAnu)7699: العبيدي، حمادي, author 14994, الشاطبي ومقاصد الشريعة